| 000 | 00540nam a2200217Ia 4500 | ||
|---|---|---|---|
| 003 | OSt | ||
| 005 | 20220918173723.0 | ||
| 006 | a|||||r|||| 00| 0 | ||
| 007 | ta | ||
| 008 | 220917b |||||||| |||| 00| 0 eng d | ||
| 024 | _a8,001 | ||
| 037 | _cTextual | ||
| 040 |
_aARTS _cARTS _beng |
||
| 041 |
_2eng _aeng |
||
| 082 | _a71:M8, J2 | ||
| 100 |
_aVan Loon Hendrik Willem _947126 |
||
| 245 | 0 | _aVan loon's lives, etc | |
| 260 | _c1952 | ||
| 942 |
_h71:M8, J2 _cTEXL _2CC |
||
| 999 |
_c149793 _d149793 |
||